kku e-library facility

Principles of Power System (Record no. 189)

MARC details
000 -LEADER
fixed length control field 00400nam a2200133 4500
005 - DATE AND TIME OF LATEST TRANSACTION
control field 20260313095654.0
008 - FIXED-LENGTH DATA ELEMENTS--GENERAL INFORMATION
fixed length control field 260313b |||||||| |||| 00| 0 eng d
020 ## - INTERNATIONAL STANDARD BOOK NUMBER
International Standard Book Number 9788121924962
100 ## - MAIN ENTRY--PERSONAL NAME
Personal name Mehta V.K and Mehta Rohit
245 ## - TITLE STATEMENT
Title Principles of Power System
Statement of responsibility, etc. /V.K Mehta & Rohit Mehta
260 ## - PUBLICATION, DISTRIBUTION, ETC.
Place of publication, distribution, etc. New Delhi;
Name of publisher, distributor, etc. S. Chand & Company Pvt ltd;
Date of publication, distribution, etc. 1982
300 ## - PHYSICAL DESCRIPTION
Extent xv, 608p. ill;
Dimensions 24cm
942 ## - ADDED ENTRY ELEMENTS (KOHA)
Source of classification or shelving scheme Library of Congress Classification
Suppress in OPAC No
Koha item type Books

No items available.

©2025 All rights reserved. KKU